000 00925nam a2200217 i 4500
001 170744
003 ES-MaACL
005 20230906214440.0
008 090402s1884 sp f |||| | spa d
080 _a94(460)
100 1 _aDanvila y Collado, Manuel.
_942676
245 1 0 _aLas germanías de Valencia
_b: discurso leído el 9 de noviembre de 1884 en la Real Academia de la Historia /
_cManuel Danvila y Collado.
260 _aMadrid :
_b[s.n.],
_c1884 (
_fTip. de Manuel Ginés Hernández)
300 _a524 p., 1 h. de lám. ;
_c27 cm.
501 _aContiene además: Contestación / Cesáreo Fernández Duro (p. 501-524)
504 _aReferencias bibliográficas.
546 _aIncluye textos en valenciano y en latín.
651 _aComunidad Valenciana-
_xHistoria-
_y1519-1523, Germanías.
_9163469
710 2 _aReal Academia de la Historia (España)
_96309
852 _aES-MaACL
_jK-123
_z- Enc. pasta española
999 _c170744
_d170744